LEADER 00987nam0 22002651i 450 001 UON00407555 005 20231205104725.836 100 $a20120328d1970 |0itac50 ba 101 $aita 102 $aIT 105 $a|||| ||||| 200 1 $aAnatomia del potere televisivo$fGiovanni Cesareo 210 $aMilano$cFranco Angeli$d1970 215 $a156 p.$d22 cm. 410 1$1001UON00066190$12001 $aˆLa ‰società$v2 606 $aTelevisione$3UONC039829$2FI 620 $aIT$dMilano$3UONL000005 700 1$aCesareo$bGiovanni$3UONV139194$00 712 $aAngeli$3UONV277541$4650 801 $aIT$bSOL$c20260116$gRICA 899 $aSIBA - SISTEMA BIBLIOTECARIO DI ATENEO E ARCHIVIO STORICO$2UONSI 912 $aUON00407555 950 $aSIBA - SISTEMA BIBLIOTECARIO DI ATENEO E ARCHIVIO STORICO$dSI A D 0411 $eSI SG 2138 5 0411 $sBuono 996 $aAnatomia del potere televisivo$9916143 997 $aUNIOR